Sors ton dard, petit scorpion ! 8 mots dans mots :(mort subite) - Statistiques

Statistiques générales
  • Ce quiz a été pris 41 fois
  • Le résultat moyen est 5 sur 8
Answers on the Grid
Answers color-coded by a green-red scale on the quiz's grid according to % correct below.
Démer----
A----aire
Fr----erie
Vian----
Res----er
Saint-Mé-----en-Jalles
Pa----ule
Eten----
Ges----ler
Mo---eur
----ées
Pe----ie
----anelles
Fen----
Se----eur
Stan----iste
 
Statistiques - réponses
Réponse % Correct
Saint-Mé-----en-Jalles
78%
Vian----
78%
----anelles
67%
Démer----
67%
Eten----
67%
Stan----iste
67%
----ées
56%
Fen----
56%
Aucun quiz correspondant
Distribution des résultats
% des personnes avec chaque résultat
Percentile par nombre de réponses
Votre historique - résultats
Vous n’avez pas pris ce quiz